| 000 | 00350nam a22001451a 4500 | ||
|---|---|---|---|
| 082 |
_aM3 _bMUH/M |
||
| 100 | _aMuhammed A M | ||
| 245 |
_aMarubhoomiyile pakshi/ _cby Muhammed A M |
||
| 260 |
_bAmmannoor Gurukulam: _c1999, _a |
||
| 300 | _a143p. | ||
| 650 | _aNovel Malayalam | ||
| 650 | _aLiterature Malayalam | ||
| 650 | _aLiterature | ||
| 942 | _cBK | ||
| 999 |
_c27955 _d27955 |
||